All 100k+ Cities in Japan with a Map - Statistics

General Stats
  • This quiz has been taken 6,726 times
  • The average score is 55 of 262
Answers on the Map
Answers color-coded by a green-red scale on the quiz's map according to % correct below.
 
Answer Stats
City Population % Correct
Tokyo 9,733,276
96%
Osaka 2,752,412
92%
Kyoto 1,463,723
89%
Hiroshima 1,200,754
88%
Sapporo 1,973,395
88%
Nagasaki 409,118
85%
Yokohama 3,777,491
80%
Nagoya 2,332,176
78%
Fukuoka 1,612,392
77%
Kobe 1,525,152
75%
Sendai 1,096,704
74%
Fukushima 282,693
67%
Chiba 974,951
64%
Niigata 789,275
63%
Saitama 1,324,025
63%
Aomori 275,192
60%
Nara 354,630
59%
Kagoshima 593,128
56%
Akita 307,672
55%
Okayama 724,691
55%
Nagano 372,760
54%
Shizuoka 693,389
54%
Kawasaki 1,538,262
53%
Kitakyushu 939,029
53%
Kumamoto 738,865
52%
Naha 317,625
51%
Hakodate 251,084
50%
Miyazaki 401,339
48%
Oita 475,614
46%
Gifu 402,557
45%
Hamamatsu 790,718
45%
Saga 233,301
45%
Tottori 188,465
44%
Toyama 413,938
44%
Kanazawa 463,254
43%
Kochi 326,545
43%
Okinawa 142,752
43%
Wakayama 356,729
43%
Fuji 245,392
42%
Fukui 262,328
40%
Toyota 422,330
40%
Yamagata 247,590
39%
Tokushima 252,391
38%
Himeji 530,495
37%
Morioka 289,731
37%
Tsu 274,537
37%
Yamaguchi 193,966
36%
Matsuyama 511,192
35%
Sakai 826,161
35%
Utsunomiya 518,757
35%
Asahikawa 329,306
34%
Ibaraki 287,730
31%
Takamatsu 417,496
31%
Fukuyama 460,930
28%
Ota 223,014
28%
Otsu 345,070
28%
Beppu 115,321
27%
Kamakura 172,710
27%
Matsue 203,616
27%
Matsumoto 241,145
27%
Mito 270,685
27%
Hachinohe 223,415
26%
Hachioji 579,355
26%
Sagamihara 725,493
26%
Funabashi 642,907
25%
Narita 132,906
25%
Tochigi 155,549
25%
Iwaki 332,931
24%
Kofu 189,591
24%
Maebashi 332,149
24%
Sasebo 243,223
24%
Shimonoseki 255,051
24%
Kawaguchi 594,274
23%
Takasaki 372,973
23%
Yokosuka 388,078
23%
Otaru 111,299
22%
Higashiosaka 493,940
21%
Ise 122,765
21%
Kawagoe 354,571
21%
Koriyama 327,692
21%
Kurashiki 474,592
21%
Kurume 303,316
21%
Kushiro 165,077
21%
Toyohashi 371,920
21%
Fujisawa 436,905
20%
Kashiwa 426,468
20%
Nagaoka 266,936
20%
Obihiro 166,536
20%
Akashi 303,601
19%
Amagasaki 459,593
19%
Hirosaki 168,466
19%
Izumo 172,775
19%
Kure 214,592
19%
Okazaki 384,654
19%
Hitachi 174,508
18%
Joetsu 188,047
18%
Machida 431,079
18%
Nishinomiya 485,587
18%
Odawara 188,856
18%
Uji 179,630
18%
Ichikawa 496,676
17%
Kitami 115,480
17%
Matsudo 498,232
17%
Tomakomai 170,113
17%
Tsukuba 241,656
17%
Yokkaichi 305,424
17%
Ichinomiya 380,073
16%
Yao 264,642
16%
Higashihiroshima 196,608
15%
Sakata 100,273
15%
Suita 385,567
15%
Suzuka 195,670
15%
Takatsuki 352,698
15%
Yamato 239,169
15%
Aizuwakamatsu 117,376
14%
Chofu 242,614
14%
Fuchu 262,790
14%
Izumi 184,495
14%
Sakura 168,743
14%
Tokorozawa 342,464
14%
Toyonaka 401,558
14%
Ebetsu 121,056
13%
Fujinomiya 128,105
13%
Hirakata 397,289
13%
Ichihara 269,524
13%
Ichinoseki 111,932
13%
Imabari 151,672
13%
Ishinomaki 140,151
13%
Kakogawa 260,878
13%
Numazu 189,386
13%
Onomichi 131,170
13%
Oyama 166,666
13%
Takaoka 166,393
13%
Tama 146,951
13%
Ueda 154,055
13%
Chigasaki 242,389
12%
Hiratsuka 258,422
12%
Iwakuni 129,125
12%
Kasuga 111,023
12%
Kasukabe 229,792
12%
Koga 139,344
12%
Komatsu 106,216
12%
Koshigaya 341,621
12%
Kumagaya 194,415
12%
Mishima 107,783
12%
Nishitokyo 207,388
12%
Tsuruoka 122,347
12%
Ube 162,570
12%
Yonago 147,317
12%
Atsugi 223,705
11%
Hikone 113,647
11%
Iwata 166,672
11%
Kirishima 123,135
11%
Kisarazu 136,166
11%
Osaki 127,330
11%
Soka 248,304
11%
Tachikawa 183,581
11%
Urayasu 171,362
11%
Isahaya 133,852
10%
Isesaki 211,850
10%
Itami 198,138
10%
Kakegawa 114,954
10%
Kanoya 101,096
10%
Karatsu 117,373
10%
Kasugai 308,681
10%
Marugame 109,513
10%
Mitaka 195,391
10%
Miyakonojo 160,640
10%
Nobeoka 118,394
10%
Ogaki 158,286
10%
Ome 133,535
10%
Oshu 112,937
10%
Takarazuka 226,432
10%
Toyokawa 184,661
10%
Ageo 226,940
9%
Anjo 187,990
9%
Ebina 136,516
9%
Hino 190,435
9%
Hitachinaka 156,581
9%
Hofu 113,979
9%
Kuki 150,582
9%
Kusatsu 143,913
9%
Matsusaka 159,145
9%
Minoh 136,868
9%
Musashino 150,149
9%
Nasushiobara 115,210
9%
Neyagawa 229,733
9%
Niihama 115,938
9%
Saijo 104,791
9%
Tsuchiura 142,074
9%
Yatsushiro 123,067
9%
Abiko 130,510
8%
Fujieda 141,342
8%
Hatsukaichi 114,173
8%
Kiryu 106,445
8%
Kishiwada 190,658
8%
Kokubunji 129,242
8%
Kuwana 138,613
8%
Nagahama 113,636
8%
Noda 152,638
8%
Omuta 111,281
8%
Seto 127,792
8%
Shunan 137,540
8%
Tokai 113,787
8%
Yaizu 136,845
8%
Ashikaga 144,746
7%
Fujimi 111,859
7%
Fukaya 141,268
7%
Ginowan 100,125
7%
Hadano 162,439
7%
Hakusan 110,408
7%
Handa 117,884
7%
Higashikurume 115,271
7%
Higashimurayama 151,815
7%
Ikeda 104,993
7%
Isehara 101,780
7%
Izumisano 100,131
7%
Kakamigahara 144,521
7%
Kariya 153,834
7%
Kashihara 120,922
7%
Narashino 176,197
7%
Nishio 169,046
7%
Sanda 109,238
7%
Sano 116,228
7%
Toride 104,524
7%
Urasoe 115,690
7%
Zama 132,325
7%
Asaka 141,083
6%
Fujimino 113,597
6%
Higashiomi 112,819
6%
Iizuka 126,364
6%
Ikoma 116,675
6%
Iruma 145,651
6%
Kadoma 119,764
6%
Kodaira 198,739
6%
Koganei 126,074
6%
Komaki 148,831
6%
Matsubara 117,641
6%
Misato 142,145
6%
Nagareyama 199,849
6%
Niiza 166,017
6%
Sayama 148,699
6%
Tajimi 106,732
6%
Toda 140,899
6%
Uruma 125,303
6%
Yachiyo 199,498
6%
Akishima 113,949
5%
Chikushino 103,311
5%
Daito 119,367
5%
Inzai 102,609
5%
Kamagaya 109,932
5%
Kawachinagano 101,692
5%
Kawanishi 152,321
5%
Konosu 116,828
5%
Moriguchi 143,096
5%
Onojo 102,085
5%
Sakado 100,275
5%
Chikusei 100,753
4%
Habikino 108,736
4%
Inazawa 134,751
4%
Kazo 111,623
4%
Tondabayashi 108,699
4%
No matching quizzes found
Score Distribution
Percent of People with Each Score
Percentile by Number Answered
Your Score History
You have not taken this quiz